Elaboración de un protocolo para la evaluación energética de los
Gespeichert in:
| 1. Verfasser: | |
|---|---|
| Format: | Buch |
| Sprache: | Spanish |
| Veröffentlicht: |
San José, Costa Rica
2016
|
| Schlagworte: |
UNIVERSIDAD DE COSTA RICA. FACULTAD DE INGENIERIA - CONSUMO DE ENERGIA
> AUDITORIA ENERGETICA
> CONSUMO DE ENERGIA ELECTRICA - EVALUACION
> CONSUMO DE ENERGIA - EVALUACION
> CONSERVACION DE LA ENERGIA
> ENERGIA ELECTRICA
> EDIFICIOS UNIVERSITARIOS - CONSUMO DE ENERGIA - EVALUACION
> SISTEMAS DE ENERGIA ELECTRICA - EVALUACION
|
| Tags: |
Tag hinzufügen
Keine Tags, Fügen Sie den ersten Tag hinzu!
|
MARC
| LEADER | 00000nam a22000007a 4500 | ||
|---|---|---|---|
| 003 | 012549 | ||
| 005 | 20221231144143.0 | ||
| 008 | 170227b2016 cr a|||| m||| 00| ||spa d | ||
| 040 | |c cru CEDI | ||
| 090 | |a TFG 7700 | ||
| 100 | |9 6750 |a Marín Rojas, Isabel Cristina | ||
| 245 | |a Elaboración de un protocolo para la evaluación energética de los | ||
| 260 | |a San José, Costa Rica |c 2016 | ||
| 300 | |a xvi,120[67] hojas; ilustraicones a color | ||
| 500 | |a Proyecto de graduación (licenciatura en ingeniería química)--Universidad de Costa Rica. Facultad de Ingeniería. Escuela de Ingeniería Química | ||
| 650 | |x UNIVERSIDAD DE COSTA RICA. FACULTAD DE INGENIERIA - CONSUMO DE ENERGIA |x AUDITORIA ENERGETICA |x CONSUMO DE ENERGIA ELECTRICA - EVALUACION |x CONSUMO DE ENERGIA - EVALUACION |x CONSERVACION DE LA ENERGIA |x ENERGIA ELECTRICA |x EDIFICIOS UNIVERSITARIOS - CONSUMO DE ENERGIA - EVALUACION |x SISTEMAS DE ENERGIA ELECTRICA - EVALUACION |9 6751 | ||
| 942 | |c TFG | ||
| 999 | |c 17669 |d 17669 | ||
